| 000 | 00572nam a2200193Ia 4500 | ||
|---|---|---|---|
| 008 | 140321s9999 xx 000 0 und d | ||
| 020 | _a9789719800002 | ||
| 050 |
_aQC 21.3 _b.C74 2013 |
||
| 100 | _aCrisostomo, Amante L. | ||
| 245 |
_aWorktext in physics 1 / _cAmante L. Crisostomo. |
||
| 260 |
_aQuezon City : _bC & E Pub., _cc2013. |
||
| 300 |
_a149 p. : _bill. ; _c26 cm. |
||
| 500 | _aIncludes bibliographical references. | ||
| 521 | _aGE | ||
| 650 |
_aPhysics _xProblems, exercises, etc. |
||
| 650 |
_aPhysics _xTextbooks. |
||
| 942 |
_kLOC _cBK |
||
| 999 |
_c48305 _d48305 |
||